000 00408pab a2200145 454500
008 180718b1989 xxu||||| |||| 00| 0 eng d
100 _aBrown, David
245 _aBureaucracy as an issue in Third World management
_bAn African Case study
260 _c1989
300 _a369-80
362 _aSept.-Oct.
650 _aManagement - Africa
773 _aPublic Administration and Development
909 _a13465
999 _c13465
_d13465